Gaming Quiz

Random Gaming or Video Games Quiz

Gimme Three: Legend of Zelda Quiz Stats

 Plays Quiz Updated Nov 22, 2013

Support Sporcle.
Go Orange.
Score 0/45 Timer 06:00
1 Play Today
% Correct
Zelda
89.9%
Link
89.6%
Green Tunic
86.9%
Red Tunic
86.2%
Blue Tunic
86%
Power
85.9%
Courage
85.5%
Ganondorf
85.5%
Fire Arrow
85.1%
Wisdom
85.1%
Ice Arrow
81.9%
Light Arrow
80.8%
Master Sword
79.2%
Goron Mask
73.8%
Zora Mask
71.2%
Great Deku Tree
70.9%
Din
68.9%
Nayru
65.8%
Kokiri Sword
64.8%
Farore
61.9%
Biggoron's Sword
61.4%
Hylian Shield
59.7%
Deku Mask
53.4%
% Correct
Goron Ruby
52.8%
Kokiri Emerald
52.2%
Zora Sapphire
51.4%
Wooden Shield
49.7%
Lanayru Desert
35.4%
Faron Woods
33%
Eldin Volcano
32.3%
Oracle of Seasons
29.9%
Oracle of Ages
29.4%
Ordon Shield
26.6%
Quake Medallion
25.1%
Valoo
25%
Jabun
24.4%
Ballad of the Wind Fish
16.4%
Bombos Medallion
15%
Ether Medallion
14.7%
Oracle of Secrets
12.8%
Ciela
11.7%
Manbo's Mambo
10.1%
Leaf
8.8%
Frog's Song of Soul
8.1%
Neri
5%

From the Vault

Starts With 'FU'

by DesertSpartan

Who does 'FU' work for?
Remove Ads.
Support Sporcle.
Get the best of Sporcle when you Go Orange. This ad-free experience offers more features, more stats, and more fun while also helping to support Sporcle. Thank you for becoming a member.

Show Comments

Extras

Top Quizzes Today


Score Distribution

Your Account Isn't Verified!

In order to create a playlist on Sporcle, you need to verify the email address you used during registration. Go to your Sporcle Settings to finish the process.

Report this User

Report this user for behavior that violates our Community Guidelines.

Details: